Unscripted Learning (Record no. 24140)

MARC details
000 -LEADER
fixed length control field 00527nam a22001937a 4500
003 - CONTROL NUMBER IDENTIFIER
control field OSt
005 - DATE AND TIME OF LATEST TRANSACTION
control field 20260612115821.0
008 - FIXED-LENGTH DATA ELEMENTS--GENERAL INFORMATION
fixed length control field 260612b |||||||| |||| 00| 0 eng d
020 ## - INTERNATIONAL STANDARD BOOK NUMBER
International Standard Book Number 9780807747971
040 ## - CATALOGING SOURCE
Transcribing agency Chuka university library
050 ## - LIBRARY OF CONGRESS CALL NUMBER
Classification number LB 1025.3
Item number .L6 2007
100 ## - MAIN ENTRY--PERSONAL NAME
Personal name Lobman, Carrie
9 (RLIN) 28906
245 ## - TITLE STATEMENT
Title Unscripted Learning
260 ## - PUBLICATION, DISTRIBUTION, ETC.
Place of publication, distribution, etc. New york
Name of publisher, distributor, etc. Teaching college
Date of publication, distribution, etc. 2007
300 ## - PHYSICAL DESCRIPTION
Extent xvii 185
Other physical details Illustrated
650 ## - SUBJECT ADDED ENTRY--TOPICAL TERM
Topical term or geographic name entry element effective teaching
9 (RLIN) 11612
650 ## - SUBJECT ADDED ENTRY--TOPICAL TERM
Topical term or geographic name entry element improvisation
9 (RLIN) 28907
942 ## - ADDED ENTRY ELEMENTS (KOHA)
Source of classification or shelving scheme Library of Congress Classification
Koha item type Long Loan Books
Suppress in OPAC No
Holdings
Withdrawn status Lost status Source of classification or shelving scheme Damaged status Not for loan Collection Home library Current library Shelving location Date acquired Source of acquisition Cost, normal purchase price Total Checkouts Full call number Barcode Date last seen Copy number Price effective from Koha item type
    Library of Congress Classification     General Collection Books Main Campus Library Main Campus Library General Stacks 12/06/2026 Donations from books from Africa 4007.72   LB 1025.3 .L6 2007 34150/2026 12/06/2026 1 12/06/2026 Long Loan Books

Powered by Koha